La legge di Cristo. Trattato di Teologia Morale. (Record n. 13807)

Dettagli MARC
000 -LEADER
fixed length control field 00729nam a2200217Ia 4500
003 - CONTROL NUMBER IDENTIFIER
control field IT-RoPAU
008 - FIXED-LENGTH DATA ELEMENTS--GENERAL INFORMATION
fixed length control field 120407s9999 xx 000 0 und d
040 ## - CATALOGING SOURCE
Original cataloging agency IT-RoPAU
040 ## - CATALOGING SOURCE
Transcribing agency IT-RoPAU
041 ## - LANGUAGE CODE
Language code of text/sound track or separate title ita
100 ## - MAIN ENTRY--PERSONAL NAME
Personal name Benhard Haring
245 ## - TITLE STATEMENT
Title La legge di Cristo. Trattato di Teologia Morale.
250 ## - EDITION STATEMENT
Edition statement Brescia
260 ## - PUBLICATION, DISTRIBUTION, ETC. (IMPRINT)
Place of publication, distribution, etc. Morcelliana
260 ## - PUBLICATION, DISTRIBUTION, ETC. (IMPRINT)
Date of publication, distribution, etc. 1962
300 ## - PHYSICAL DESCRIPTION
Dimensions 23,5 cm
490 ## - SERIES STATEMENT
Volume/sequential designation 3
600 ## - SUBJECT ADDED ENTRY--PERSONAL NAME
Personal name "1° v. Morale generale. Struttura fondamentale dell’esistenza cristiana. 3a ed. 622 pag. 2° v. Morale speciale, vita in comunione con dio e col prossimo. 2a ed. 566 pag. 3° v. Morale speciale. L’assenso alla sovranità d’amore di Dio. 2a ed. 750 pag."
942 ## - ADDED ENTRY ELEMENTS (KOHA)
Koha item type LIBRO
Dati di copia
Withdrawn status Lost status Source of classification or shelving scheme Damaged status Not for loan Home library Current library Date acquired Total Checkouts Full call number Date last seen Price effective from Koha item type Public note
    Dewey Decimal Classification Buone Condizioni Not For Loan PAULUS-BIBLIOTECA PAULUS-BIBLIOTECA 11/04/2012   241.46 11/04/2012 11/04/2012 LIBRO Inserito da: LUCIA In data: 02 settembre 2011 fondo: Via A.Severo 56 Progr:19776
CREDITS: SOCIETA' SAN PAOLO Via A.Severo, 58 - ROMA (RM) & PERIODICI SAN PAOLO SRL Via Giotto, 36 MILANO & CISF Via Giotto, 36 MILANO & EDIZIONI SAN PAOLO SRL,  Piazza Soncino, 5 CINISELLO BALSAMO (MI) -- ITALY